Latex stage compounding (Record no. 51065)

MARC details
000 -LEADER
fixed length control field 00425nam a2200145Ia 4500
100 ## - MAIN ENTRY--AUTHOR NAME
Personal name Rajammal G.
245 #0 - TITLE STATEMENT
Title Latex stage compounding
260 ## - PUBLICATION, DISTRIBUTION, ETC. (IMPRINT)
Name of publisher International Conference on Structure-property Relations of Rubber, 1980, Kharagpur, India
Year of publication 1980
650 ## - SUBJECT ADDED ENTRY--TOPICAL TERM
Topical Term Latex compounding
650 ## - SUBJECT ADDED ENTRY--TOPICAL TERM
Topical Term Natural rubber
700 ## - ADDED ENTRY--PERSONAL NAME
Personal name Alex R.
700 ## - ADDED ENTRY--PERSONAL NAME
Personal name Thomas E.V.
942 ## - ADDED ENTRY ELEMENTS (KOHA)
Koha item type Bibliography STAF
Holdings
Withdrawn status Lost status Damaged status Not for loan Home library Current library Shelving location Date acquired Koha item type
      Bibliography RRII Library RRII Library Rubber chemistry 09/04/2014 Bibliography STAF